000 00542nam a2200193Ia 4500
005 20250508160441.0
008 008 250505s9999 xx 000 0 eng d
037 _aTextual
040 _aFEDL
_beng
_cFEDL
041 _aeng
_2eng
084 _a072, HUB
_qFEDL
100 _aHuber Jact T
_9768531
245 0 _aReport writing in psychology and psychiatry
260 _aNew York, USA
_bHarper and Row
_c1961
300 _ax, 114.
650 _aReport writing
_9582564
942 _cTEXL
_h072, HUB
999 _c1364674
_d1364674